O reino do silêncio (Registo nº 30584)

Detalhes MARC
000 -Etiqueta do registo
campo de controlo de comprimento fixo 006250000a22002050004500
001 - Identificador do registo
Campo de controlo 30584
010 ## - ISBN
Número (ISBN) 978-989-95736-1-1
100 ## - Dados Gerais de Proc.
Dados gerais de processamento 20100210d2008 a y0pory5003 ba
101 0# - Língua da publicação
Língua do texto, banda sonora, etc. Português
102 ## - País de Publicação
País de publicação Portugal
200 1# - Título
Título próprio O reino do silêncio
Primeira menção de responsabilidade Pedro Seromenho
210 ## - Publicação, Distribuição
Lugar da edição, distribuição, etc. Braga
Nome do editor, distribuidor, etc. Librobraga
Data da publicação, distribuição, etc. 2008
215 ## - Descrição física
Descrição física 154 p.
Outras indicações físicas il.
675 ## - CDU
Notação 087.5
Edição BN
Língua da edição Português
675 ## - CDU
Notação 821.134.3-344"20"
Edição BN
Língua da edição Português
700 #1 - Responsabilidade principal
Koha Internal Code 42202
Palavra de ordem Seromenho
Outra parte do nome Pedro
Datas 1975-
090 ## - Números de controlo do sistema (Koha)
Número biblioitem do Koha (gerado automaticamente) 30584
942 ## - Elementos de entrada adicionados (Koha)
Tipo de item no Koha Monografias
Suprimido Disponível no OPAC
999 ## - Campo local
Campo local 30584
Exemplares
Removido (estado) Perdido (estado) Data de aquisição Origem do registo (biblioteca) (codificado) Código da organização que empresta ou é detentora (biblioteca) Código de barras Local Número de inventário Cota Tipo de circulação (não pode ser emprestado) Tipo de item e material
Disponível Disponível 2010-02-10 Biblioteca Municipal Álvaro de Campos Biblioteca Municipal Álvaro de Campos BMTAV48939 Depósito 48939 MJ3 SER-D Normal Monografias
  Disponível 2010-02-10 Biblioteca Municipal Álvaro de Campos Biblioteca Municipal Álvaro de Campos BMTAV48940     MJ3 SER Normal Monografias